000 01119cam a2200205 4500
008 040406n2004 000 0 eng u
035 _a(Sirsi) u125776
245 _aIndex of production
260 _c2004
490 _aNational Statistics Press Release
_v 5 April 2004 (11)
520 _aThe seasonally adjusted chained volume index for the three months to February was 0.6% lower than in the previous three months. Output for manufacturing in the last three months was down 0.3% and in mining and quarrying was down by 2.1%. Also down in the same period was the output of the consumer durable goods industries which fell by 1.8% and was 0.8% lower compared with one year ago. The output of the capital goods industries fell by 0.8% but it was 1.8% higher than in the same period a year ago. For the National statistics press release: http://www.statistics.gov.uk/pdfdir/iop0404.pdf
590 _aWB
650 _aPRODUCTION SECTOR
650 _aMANUFACTURING INDUSTRY
650 _aMANUFACTURING OUTPUT
650 _aCAPITAL GOODS
650 _aMINING INDUSTRY
690 _aECONOMIC ISSUES
942 _n0
999 _c74358
_d74358